000 00995nas a2200301 4500
001 BR2014006758
003 BR-BrBNA
005 20231205124646.0
007 ta
008 230509b bl.|||p| |||| 00| 00por d
040 _aBR-BrBNA
_bpor
_cBiblioteca Nacional de Agricultura
041 _a(Pt)
072 _aL73
100 1 _aIsola, J.G.M.P.
100 1 _aSantana, A.E.
100 1 _aMoraes, P.C.
100 1 _aXavier, D.M.
100 1 _aRabelo, R.C.
245 1 _aEstudo da incidência de SIRS, sepse, sepse grave e choque séptico diagnosticados no atendimento de emergência em cães hospitalizados com gastroenterite
650 _aCÃO
650 _aDOENÇA ANIMAL
650 _aDIAGNÓSTICO
650 _aGASTROENTERITE
650 _aVETERINÁRIA
773 0 _tRevista de Educação Continuada em Medicina Veterinária e Zootecnia (Brazil)
_xISSN 2179-6645
_g(2014), v. 12(2) p. 12-17
_wBR2014006758
909 _a202311
_bLúcia
_c55
_dLúcia Elande
942 _2AGRIS
_n0
_cANA
999 _c240226
_d240226